| 000 | 01295 a2200313 4500 | ||
|---|---|---|---|
| 001 | 200128844 | ||
| 650 | 0 |
_9117682 _aInternational law |
|
| 650 | 0 |
_aUluslararası hukuk _922166 |
|
| 999 |
_c200128844 _d28016 |
||
| 003 | TR-AnTOB | ||
| 005 | 20230905001306.0 | ||
| 008 | 130320s2012 enk 001 0 | ||
| 020 | _a9780199647088 (pbk.) | ||
| 020 | _a0199647089 (pbk.) | ||
| 020 | _a9780199691661 (hbk.) | ||
| 020 | _a0199691665 (hbk.) | ||
| 040 |
_aDLC _dTR-AnTOB |
||
| 041 | _aeng | ||
| 050 | 0 | 0 |
_aKZ3410 _b.R435 2012 |
| 090 | _aKZ3410 .R435 2012 | ||
| 245 | 0 | 0 |
_aRealizing utopia : _bthe future of international law / _cedited by Antonio Cassese. |
| 264 | 1 |
_aOxford : _bOxford University Press, _c2012. |
|
| 300 |
_axxii, 700 p. ; _c24 cm. |
||
| 504 | _aIncludes bibliographical references and index. | ||
| 505 | _aI.Can the world become a global community? -- II.What lawmaking tools should be used to bring about the needed change? -- III.Can international legal imperatives be more effectively brought into effect? -- IV.What law should be changed? -- V.Can international and domestic justice play a more incisive role? -- VI.Conclusion | ||
| 700 | 1 |
_aCassese, Antonio _985968 |
|
| 856 | 4 | 1 |
_uhttp://www.loc.gov/catdir/toc/fy13pdf01/2012932650.html _3Table of contents only |
| 942 | _cBK | ||